Texty k dekonstrukci : Práce z let 1967 - 72 /
Gespeichert in:
| 1. Verfasser: | |
|---|---|
| Format: | Buch |
| Sprache: | Tschechisch |
| Veröffentlicht: |
Bratislava :
Archa,
1993
|
| Ausgabe: | 1.vyd. |
| Schlagworte: | |
| Tags: |
Keine Tags, Fügen Sie das erste Tag hinzu!
|
MARC
| LEADER | 00000nam a22000003a 4500 | ||
|---|---|---|---|
| 001 | stu4537 | ||
| 005 | 20150617225813.8 | ||
| 008 | 930831s1993----xo------------------cze-d | ||
| 020 | |a 80-7115-046-0 | ||
| 040 | |a STU |b slo | ||
| 041 | 0 | |a cze | |
| 044 | |a xo | ||
| 080 | |a 111 | ||
| 080 | |a 159.95 | ||
| 100 | 1 | |a Derrida, Jacques |4 aut | |
| 245 | 1 | |a Texty k dekonstrukci : |b Práce z let 1967 - 72 / |c [aut.] Derrida,Jacques | |
| 250 | |a 1.vyd. | ||
| 260 | |a Bratislava : |b Archa, |c 1993 | ||
| 300 | |a 336 s | ||
| 650 | 7 | |a filozofia |2 stusub | |
| 650 | 7 | |a metafyzika |2 stusub | |
| 650 | 7 | |a vyššie duševné procesy |2 stusub | |
| 650 | 7 | |a psychológia |2 stusub | |
| 996 | |b E78252 |c R*78252 |l RRUM |s A |a 24 |w stu4537_0001 | ||